Angielskie nazwy środków transportu - Statystyki

Ogólne statystyki
  • Ten quiz został rozwiązany 221 razy
  • Średni wynik to 15 z 24
Statystyki odpowiedzi
Polski Angielski % Poprawnych
Rower Bicycle / bike
97%
Samochód Car
97%
Taksówka Taxi / cab
97%
Autobus Bus
94%
Pociąg Train
92%
Samolot Airplane
86%
Łódź Boat
82%
Karetka Ambulance
79%
Ciężarówka Lorry / truck
76%
Statek Ship
76%
Tramwaj Tram
74%
Metro Underground / subway
73%
Motor Motorcycle
67%
Traktor Tractor
61%
Pojazd Vehicle
61%
Śmigłowiec Helicopter
53%
Hulajnoga Scooter
49%
Trolejbus Trolley
46%
Furgonetka Van
40%
Prom Ferry
37%
Żaglówka Sailboat
19%
Wagon Carriage / coach
15%
Wóz Cart / wagon
14%
Wahadłowiec Space shuttle
13%
Nie znaleziono quizów pasujących do podanych kryteriów
Rozkład punktacji
Procent ludzi z każdym wynikiem
Percentyl według liczby udzielonych odpowiedzi
Twoja historia wyników
Nie rozwiązałeś tego quizu